[Event "57th Biel Festival MTO 2024"]
[White "Tkhoruk,Roman"]
[Black "Kaiser,Elmar"]
[Site "Biel"]
[Round "6.60"]
[Annotator "RC"]
[Result "0-1"]
[Date "2024.07.20"]
[WhiteElo "1944"]
[BlackElo "2116"]
[PlyCount "67"]

1. d4 Nf6 2. Nf3 e6 3. Bg5 c5 4. e3 cxd4 5. exd4 Be7 6. Nbd2 O-O 7. c3 b6 8. Bd3 Ba6 9. Qe2 Bxd3 10. Qxd3 Qc8 11. Ne4 Qa6 12. Qxa6 Nxa6 13. Nxf6+ gxf6 14. Bh4 Rfc8 15. O-O d5 16. Rfd1 b5 17. a3 Kg7 18. g4 Nb8 19. Ne5 a5 20. Nd3 Nd7 21. f3 Nb6 22. Be1 Bd6 23. Bg3 Bf8 24. f4 Nc4 25. Be1 h5 26. gxh5 Bd6 27. Bg3 Ne3 28. Rdc1 Kh6 29. Kf2 Nf5 30. Rab1 Kxh5 31. b4 axb4 32. axb4 Ra2+ 33. Kf3 Rxc3 34. Rd1 0-1

[Event "57th Biel Festival MTO 2024"]
[White "Stefan,Iulia-Cristiana"]
[Black "Udipi,Kala Kishan"]
[Site "Biel"]
[Round "6.61"]
[Annotator "NA"]
[Result "1/2-1/2"]
[Date "2024.07.20"]
[WhiteElo "1953"]
[BlackElo "2051"]
[PlyCount "67"]

1. d4 Nf6 2. Nf3 g6 3. Bg5 Bg7 4. Nbd2 d6 5. c3 O-O 6. e4 c5 7. dxc5 dxc5 8. Be2 h6 9. Bh4 Nc6 10. O-O Nh5 11. Re1 Qc7 12. Qc2 Be6 13. Rac1 Rad8 14. b4 cxb4 15. cxb4 Qd6 16. a3 g5 17. b5 Nb8 18. e5 Qd5 19. Nxg5 hxg5 20. Bxg5 Qxe5 21. Bxe7 Bf5 22. Qc5 Rd5 23. Qb4 a5 24. bxa6 Nc6 25. Qxb7 Qxe7 26. Qxc6 Rxd2 27. Bxh5 Qd6 28. Qf3 Bg6 29. a7 Bxh5 30. Qxh5 Qb6 31. Qc5 Qxc5 32. Rxc5 Ra8 33. Ra5 Bd4 34. Rf1 1/2-1/2

[Event "57th Biel Festival MTO 2024"]
[White "Malli,Shiivesh Sunil"]
[Black "Selinga,Jan"]
[Site "Biel"]
[Round "6.62"]
[Annotator "ChessBase"]
[Result "1-0"]
[Date "2024.07.20"]
[WhiteElo "1916"]
[BlackElo "2023"]
[PlyCount "36"]

1. c4 c6 2. Nc3 Nf6 3. g3 d5 4. cxd5 cxd5 5. d4 Nc6 6. Bg2 Bf5 7. Nf3 e6 8. a3 Bd6 9. Rf1 h6 10. b4 Rc8 11. Bb2 O-O 12. Rc1 Qe7 13. Na4 b6 14. Nc3 Bxb4 15. axb4 Qxb4 16. Ba1 b5 17. e3 Na5 18. Nd2 Bd3 1-0

[Event "57th Biel Festival MTO 2024"]
[White "Arbinger,Roland"]
[Black "Pappier,Carlos"]
[Site "Biel"]
[Round "6.63"]
[Annotator "ChessBase"]
[Result "1-0"]
[Date "2024.07.20"]
[WhiteElo "2013"]
[BlackElo "2202"]
[PlyCount "134"]

1. d4 d5 2. c4 c6 3. Nc3 Nf6 4. e3 Bf5 5. Qb3 Qb6 6. Qxb6 axb6 7. cxd5 Nxd5 8. Nxd5 cxd5 9. Nf3 Nc6 10. Bd2 f6 11. Bb5 Bd7 12. O-O e6 13. Rfc1 Bd6 14. Bc3 Na5 15. Bd3 O-O 16. Nd2 Rfc8 17. g3 Nc4 18. a3 b5 19. Nxc4 bxc4 20. Bc2 Ba4 21. f3 b5 22. Bxa4 Rxa4 23. Re1 Kf7 24. e4 Rb8 25. exd5 exd5 26. Rac1 b4 27. axb4 Bxb4 28. Rc2 Ra2 29. Ree2 Bd6 30. Kf2 h5 31. Kg2 Re8 32. Rxe8 Kxe8 33. Re2+ Kf7 34. Kf2 Ra1 35. Kg2 Rd1 36. Rd2 Re1 37. Kf2 Rh1 38. Kg2 Re1 39. Kf2 Re8 40. Kg2 h4 41. Rc2 Rh8 42. Re2 h3+ 43. Kf2 Re8 44. Rxe8 Kxe8 45. f4 Kd7 46. Ke2 Kc6 47. Be1 Kb5 48. Kd1 Ka4 49. Kc2 f5 50. Bd2 Bb4 51. Be3 Be1 52. Bg1 Kb4 53. Kd1 Kb3 54. Kxe1 Kxb2 55. Be3 c3 56. g4 c2 57. gxf5 c1=Q+ 58. Bxc1+ Kxc1 59. f6 gxf6 60. Kf2 Kd2 61. Kg3 Ke3 62. Kxh3 Kxd4 63. Kg3 Ke3 64. h4 d4 65. h5 d3 66. h6 d2 67. h7 d1=Q 1-0

[Event "57th Biel Festival MTO 2024"]
[White "Aryan Chopra"]
[Black "Mendonca,Leon Luke"]
[Site "Biel"]
[Round "7.1"]
[Annotator "TA"]
[Result "1/2-1/2"]
[Date "2024.07.22"]
[WhiteElo "2631"]
[BlackElo "2634"]
[PlyCount "44"]

1. d4 Nf6 2. c4 e6 3. Nc3 Bb4 4. f3 O-O 5. a3 Bxc3+ 6. bxc3 Ne8 7. e4 b6 8. Bd3 Ba6 9. f4 Nc6 10. Nf3 Na5 11. Qe2 f5 12. e5 d5 13. exd6 Nxd6 14. Qxe6+ Kh8 15. Qe2 Bxc4 16. Ne5 Bxd3 17. Qxd3 Qh4+ 18. g3 Qh3 19. Qf1 Qh5 20. Qe2 Qh3 21. Qf1 Qh5 22. Qe2 Qh3 1/2-1/2

[Event "57th Biel Festival MTO 2024"]
[White "Xiao,Tong"]
[Black "Nesterov,Arseniy"]
[Site "Biel"]
[Round "7.2"]
[Annotator "TA"]
[Result "0-1"]
[Date "2024.07.22"]
[WhiteElo "2518"]
[BlackElo "2609"]
[PlyCount "80"]

1. e4 e5 2. Nf3 Nf6 3. d4 Nxe4 4. Bd3 d5 5. Nxe5 Nd7 6. Nxd7 Bxd7 7. O-O Bd6 8. Nc3 Nxc3 9. bxc3 h5 10. Re1+ Kf8 11. h3 Qf6 12. Be3 Re8 13. Qd2 Rxe3 14. Qxe3 g5 15. Qf3 Qxf3 16. gxf3 Bxh3 17. c4 dxc4 18. Bxc4 h4 19. Bd5 b6 20. c3 Bd7 21. Rad1 h3 22. c4 Ba4 23. Rd3 Kg7 24. Kh1 Kf6 25. Be4 Rd8 26. Bd5 Bd7 27. Be4 Ba4 28. Bd5 Bc2 29. Rde3 Bf4 30. Re8 Rd6 31. Rc8 Bf5 32. Rf8 Bg6 33. Rc8 Bh5 34. Re3 b5 35. Rh8 bxc4 36. Rxh5 Rxd5 37. Re4 Kg6 38. Rxf4 Kxh5 39. Rxf7 c5 40. Rc7 c3 0-1

[Event "57th Biel Festival MTO 2024"]
[White "Assaubayeva,Bibisara"]
[Black "Sasikiran,Krishnan"]
[Site "Biel"]
[Round "7.3"]
[Annotator "TA"]
[Result "0-1"]
[Date "2024.07.22"]
[WhiteElo "2472"]
[BlackElo "2581"]
[PlyCount "70"]

1. c4 e5 2. Nc3 d6 3. Nf3 f5 4. d4 e4 5. Ng1 Be7 6. Bf4 Nf6 7. e3 c6 8. d5 O-O 9. h4 Na6 10. Nh3 Ng4 11. Bg5 Ne5 12. Bxe7 Qxe7 13. Nf4 Bd7 14. Be2 Nc5 15. Qd2 a5 16. Rd1 Rfd8 17. Kf1 Be8 18. Qc2 Bf7 19. b3 g6 20. a3 h6 21. b4 axb4 22. axb4 Na6 23. Qb1 c5 24. b5 Nb4 25. Qc1 Qf6 26. f3 Na2 27. Nxa2 Rxa2 28. Rd2 Ra4 29. Kf2 Rda8 30. Qc2 Ra1 31. Rh2 R8a3 32. fxe4 g5 33. hxg5 hxg5 34. exf5 gxf4 35. exf4 R1a2 0-1

[Event "57th Biel Festival MTO 2024"]
[White "Gan-Erdene,Sugar"]
[Black "Harsha Bharathakoti"]
[Site "Biel"]
[Round "7.4"]
[Annotator "RC"]
[Result "1/2-1/2"]
[Date "2024.07.22"]
[WhiteElo "2424"]
[BlackElo "2569"]
[PlyCount "28"]

1. e4 e5 2. Nf3 Nc6 3. Bb5 f5 4. Nc3 fxe4 5. Nxe4 Nf6 6. Qe2 d5 7. Nxf6+ gxf6 8. d4 e4 9. Ne5 fxe5 10. Bxc6+ bxc6 11. Qh5+ Kd7 12. Qf5+ Ke8 13. Qh5+ Kd7 14. Qf5+ Ke8 1/2-1/2

[Event "57th Biel Festival MTO 2024"]
[White "Jumabayev,Rinat"]
[Black "Materia,Marco"]
[Site "Biel"]
[Round "7.5"]
[Annotator "TA"]
[Result "1/2-1/2"]
[Date "2024.07.22"]
[WhiteElo "2575"]
[BlackElo "2453"]
[PlyCount "68"]

1. d4 Nf6 2. c4 e6 3. Nf3 d5 4. Nc3 dxc4 5. e3 a6 6. Bxc4 b5 7. Bb3 Bb7 8. O-O c5 9. Qe2 Nbd7 10. Rd1 Be7 11. e4 cxd4 12. Nxd4 Qb8 13. a3 Bd6 14. g3 O-O 15. f3 Bc5 16. Be3 Ne5 17. Kg2 Qa7 18. Nc2 Bxe3 19. Qxe3 Qxe3 20. Nxe3 Rfd8 21. Kf2 g5 22. Bc2 Kf8 23. Rxd8+ Rxd8 24. Rd1 Rc8 25. Bb1 Ke7 26. h3 Ne8 27. Ba2 Rc5 28. Rd4 Nc6 29. Rd2 Nd6 30. Bb3 Ne5 31. Rd4 Nc6 32. Rd2 Ne5 33. Rd4 Nc6 34. Rd2 Ne5 1/2-1/2

[Event "57th Biel Festival MTO 2024"]
[White "Madaminov,Mukhiddin"]
[Black "Gavrilescu,David"]
[Site "Biel"]
[Round "7.6"]
[Annotator "TA"]
[Result "1/2-1/2"]
[Date "2024.07.22"]
[WhiteElo "2517"]
[BlackElo "2538"]
[PlyCount "29"]

1. e4 c5 2. Nf3 e6 3. c3 Nf6 4. e5 Nd5 5. a3 a6 6. d4 cxd4 7. cxd4 d6 8. Bd3 Bd7 9. O-O dxe5 10. dxe5 Bb5 11. Bxb5+ axb5 12. Nbd2 b4 13. Ne4 bxa3 14. Bg5 Qd7 15. bxa3 1/2-1/2

[Event "57th Biel Festival MTO 2024"]
[White "Xue,Haowen"]
[Black "Koustav Chatterjee"]
[Site "Biel"]
[Round "7.7"]
[Annotator "TA"]
[Result "1/2-1/2"]
[Date "2024.07.22"]
[WhiteElo "2452"]
[BlackElo "2525"]
[PlyCount "145"]

1. d4 Nf6 2. c4 e6 3. Nf3 d5 4. Nc3 Bb4 5. Qa4+ Nc6 6. e3 O-O 7. Bd2 Re8 8. a3 Bf8 9. Rd1 a6 10. Qc2 b6 11. Bd3 Bb7 12. O-O Ne7 13. e4 dxc4 14. Bxc4 Ng6 15. Bg5 Qc8 16. Bxf6 gxf6 17. b4 Kh8 18. Rfe1 Bd6 19. g3 Rg8 20. d5 e5 21. Kh1 Qd7 22. Bf1 Bc8 23. Ng1 Qe7 24. Rb1 Bd7 25. Bh3 Bxh3 26. Nxh3 a5 27. Nb5 axb4 28. Nxd6 Qxd6 29. axb4 Ne7 30. Rec1 Ra7 31. Ng1 f5 32. f3 Rga8 33. b5 Qh6 34. Qc3 f6 35. Rb2 Rg8 36. Rg2 fxe4 37. fxe4 Nc8 38. Rgc2 Nd6 39. Qd3 Ra4 40. Re1 Rd4 41. Qf3 Rg7 42. Qg2 Ra4 43. Rce2 Nxb5 44. Nf3 Nd6 45. Nh4 Qg5 46. Rf2 Rc4 47. Nf5 Nxf5 48. Rxf5 Qh6 49. Ref1 Rg6 50. Qe2 Rc3 51. Kg2 Re3 52. Qc2 Qh4 53. R1f3 Qxe4 54. Qxe4 Rxe4 55. Rxf6 Re2+ 56. Rf2 Rxf2+ 57. Rxf2 Rd6 58. Rf7 Rxd5 59. Rxc7 Rd2+ 60. Kf3 Rxh2 61. Rb7 Rh6 62. Ke4 Kg8 63. Kxe5 Rc6 64. g4 h6 65. g5 hxg5 66. Kf5 Kf8 67. Kxg5 Ke8 68. Kf4 Kd8 69. Ke4 Kc8 70. Rh7 Rd6 71. Ke5 Rd1 72. Ke4 Rd7 73. Rxd7 1/2-1/2

[Event "57th Biel Festival MTO 2024"]
[White "Macovei,Andrei"]
[Black "Petkidis,Anthony"]
[Site "Biel"]
[Round "7.8"]
[Annotator "TA"]
[Result "1/2-1/2"]
[Date "2024.07.22"]
[WhiteElo "2479"]
[BlackElo "2427"]
[PlyCount "101"]

1. e4 c6 2. d4 d5 3. e5 Bf5 4. Nf3 e6 5. Be2 c5 6. c3 Nc6 7. O-O cxd4 8. Nxd4 Nge7 9. Nxf5 Nxf5 10. Bd3 g6 11. Re1 Bg7 12. f4 O-O 13. Nd2 b5 14. Nf3 b4 15. Qe2 bxc3 16. bxc3 Qa5 17. Bd2 Rab8 18. Kh1 Nfe7 19. g4 Rb2 20. Rad1 Qxa2 21. f5 exf5 22. gxf5 Nxf5 23. Bxf5 gxf5 24. Rg1 Ne7 25. Ng5 h6 26. Nf3 Ng6 27. h4 Kh7 28. h5 Ne7 29. Nd4 Rg8 30. e6 fxe6 31. Nxe6 Qc4 32. Qxc4 dxc4 33. Nxg7 Rxg7 34. Rxg7+ Kxg7 35. Be3 f4 36. Bxf4 Rb5 37. Rd7 Rxh5+ 38. Kg2 Kf6 39. Rxa7 Nd5 40. Bd2 Ke5 41. Ra4 Rh4 42. Kg3 Re4 43. Bxh6 Nxc3 44. Bg7+ Kd5 45. Ra5+ Kc6 46. Kf3 Rh4 47. Bxc3 Rh3+ 48. Ke4 Rxc3 49. Kd4 Kb6 50. Kxc3 Kxa5 51. Kxc4 1/2-1/2

[Event "57th Biel Festival MTO 2024"]
[White "Sethuraman,S.P."]
[Black "Ritviz,Parab"]
[Site "Biel"]
[Round "7.9"]
[Annotator "RC"]
[Result "1/2-1/2"]
[Date "2024.07.22"]
[WhiteElo "2587"]
[BlackElo "2334"]
[PlyCount "356"]

1. e4 e5 2. Nf3 Nc6 3. Bb5 a6 4. Ba4 Nf6 5. O-O Be7 6. d3 b5 7. Bb3 O-O 8. c3 d6 9. a4 b4 10. Nbd2 Rb8 11. a5 Be6 12. Nc4 h6 13. Re1 bxc3 14. bxc3 Na7 15. d4 Nb5 16. Bd2 Nxe4 17. Rxe4 d5 18. Nfxe5 dxe4 19. Nc6 Qe8 20. Nxb8 Qxb8 21. Rb1 c5 22. Nb6 Bxb3 23. Qxb3 Rd8 24. d5 c4 25. Qa2 Qe5 26. Rc1 Bg5 27. Kh1 Qf6 28. Be3 Bxe3 29. fxe3 Qg5 30. Qe2 Nc7 31. Rd1 Nb5 32. Qd2 Qe5 33. Rc1 Qf6 34. h3 Qe5 35. Qe2 Nd6 36. Kg1 Nf5 37. Qf2 h5 38. Qf4 Qxf4 39. exf4 h4 40. Kf2 g6 41. Rb1 Kg7 42. Rb4 Nd6 43. Ke3 Nf5+ 44. Kxe4 Re8+ 45. Kf3 Re3+ 46. Kf2 Rxc3 47. Rxc4 Ra3 48. Ra4 Rd3 49. Ra2 Rd4 50. Kf3 Ne7 51. Ra4 Rxa4 52. Nxa4 Nxd5 53. Nc5 Nb4 54. Kg4 Nc6 55. Kxh4 Nxa5 56. Nxa6 Nb3 57. Nb4 Nd4 58. Nd5 f6 59. Kg4 Kf7 60. Ne3 f5+ 61. Kg3 Kf6 62. Nd5+ Ke6 63. Nb4 Kf6 64. Nd3 Ne2+ 65. Kf3 Nc3 66. Ke3 Ke6 67. Nc5+ Kd6 68. Nd3 Ke6 69. Kf3 Nd5 70. Nc5+ Kd6 71. Nb3 Ke6 72. Nd4+ Kf6 73. Kg3 Nc3 74. Kf2 Nd5 75. Kf3 Nc3 76. Nc2 Nd5 77. g3 Nc3 78. Ne1 Ne4 79. Nd3 Nd2+ 80. Ke3 Ne4 81. Kf3 Nd2+ 82. Kg2 Ne4 83. Ne1 Nd2 84. Nf3 Ne4 85. Nd4 Nd2 86. Kf2 Ne4+ 87. Kf3 Nd2+ 88. Ke3 Nf1+ 89. Kf2 Nd2 90. Ne2 Nc4 91. Nc3 Ke6 92. Ke2 Nd6 93. Kd3 Ne8 94. Ne2 Nf6 95. Nd4+ Kd5 96. Ne2 Ke6 97. Kd4 Ne4 98. Ke3 Nf6 99. Nc3 Kd6 100. Nb5+ Kc5 101. Nc3 Kd6 102. Nd1 Ke6 103. Nf2 Nd5+ 104. Kf3 Kf6 105. Nd1 Ke6 106. Ne3 Nc3 107. Nc4 Kf6 108. Nb2 Ne4 109. Nc4 Nc3 110. Ne3 Nb5 111. Nd5+ Ke6 112. Nb4 Nc3 113. Nd3 Ne4 114. Nf2 Nc3 115. g4 fxg4+ 116. hxg4 Kd5 117. Ke3 Ke6 118. Ne4 Nd5+ 119. Kf3 Kf7 120. Ng5+ Ke7 121. Ne4 Kf7 122. Kg3 Ke6 123. Ng5+ Kf6 124. Nf3 Ke6 125. Nd4+ Kf6 126. g5+ Ke7 127. Kf3 Kd6 128. Ne2 Nc7 129. Ke4 Ne6 130. Nd4 Nc5+ 131. Ke3 Kd5 132. Nf3 Ke6 133. Nh4 Kf7 134. Kd4 Nd7 135. Kd5 Nb6+ 136. Kc5 Na4+ 137. Kd6 Nc3 138. Nf3 Ne2 139. Ne5+ Kg7 140. Nd3 Kf7 141. Kd7 Nd4 142. Ne5+ Kg7 143. Ke8 Ne6 144. Nd3 Nc7+ 145. Ke7 Nd5+ 146. Ke6 Ne3 147. Nc5 Nf5 148. Ne4 Nd4+ 149. Ke7 Nf5+ 150. Ke8 Nd4 151. Nc5 Nf5 152. Ne6+ Kg8 153. Nc7 Kg7 154. Nb5 Kg8 155. Nc3 Kg7 156. Ne4 Kg8 157. Nf6+ Kg7 158. Nd5 Ng3 159. Nc7 Nf5 160. Ne6+ Kg8 161. Kd7 Kf7 162. Nd8+ Kg7 163. Ke6 Nd4+ 164. Ke5 Nf5 165. Nb7 Ng3 166. Nd6 Nh5 167. Nb5 Kf7 168. Nc3 Ke7 169. Nd5+ Kf7 170. Kd6 Ng3 171. Nb6 Nh5 172. Ke5 Ke7 173. Nc4 Kf7 174. Ke4 Ng3+ 175. Kd5 Nh5 176. Ne5+ Kg7 177. Nd3 Kf7 178. Ke4 Kg7 1/2-1/2

[Event "57th Biel Festival MTO 2024"]
[White "Moiseenko,Alexander"]
[Black "Dotzer,Lukas"]
[Site "Biel"]
[Round "7.10"]
[Annotator "TA"]
[Result "1/2-1/2"]
[Date "2024.07.22"]
[WhiteElo "2560"]
[BlackElo "2369"]
[PlyCount "99"]

1. d4 Nf6 2. c4 e6 3. g3 d5 4. Bg2 Be7 5. Nf3 O-O 6. Nc3 a5 7. O-O c6 8. Bf4 dxc4 9. Ne5 Nd5 10. Nxc4 Nxf4 11. gxf4 Nd7 12. e3 Nb6 13. Ne5 Nd5 14. Rc1 Bd7 15. Kh1 Be8 16. Rg1 Kh8 17. Ne4 f6 18. Nd3 Bg6 19. a3 Bxe4 20. Bxe4 f5 21. Bf3 Bd6 22. Rg3 Rg8 23. Qg1 g6 24. Qg2 Qb6 25. Rg1 Qb3 26. Qf1 Rg7 27. h4 Rag8 28. Bd1 Qc4 29. h5 Nf6 30. h6 Rc7 31. Bf3 Ne4 32. Bxe4 fxe4 33. Nc5 Qxf1 34. Rxf1 Bxc5 35. dxc5 Rd7 36. Rg5 Rd5 37. Rc1 Rf8 38. Rc4 Rxg5 39. fxg5 Rxf2 40. b4 Kg8 41. bxa5 Rf5 42. Rd4 Rxg5 43. Rd8+ Kf7 44. Rd7+ Kf6 45. Rxb7 Rxc5 46. a6 Ra5 47. a7 g5 48. Rxh7 Kg6 49. Rc7 Kxh6 50. Rxc6 1/2-1/2

[Event "57th Biel Festival MTO 2024"]
[White "Rosen,Eric"]
[Black "Sokolovsky,Yahli"]
[Site "Biel"]
[Round "7.11"]
[Annotator "TA"]
[Result "0-1"]
[Date "2024.07.22"]
[WhiteElo "2361"]
[BlackElo "2492"]
[PlyCount "100"]

1. e4 e5 2. Nf3 Nc6 3. d4 exd4 4. Nxd4 Bc5 5. Nb3 Bb6 6. Qe2 a5 7. a4 Qf6 8. Nc3 Nb4 9. h4 Ne7 10. Bg5 Qe6 11. O-O-O O-O 12. h5 h6 13. Be3 Bxe3+ 14. Qxe3 d5 15. Qc5 dxe4 16. Qxc7 Nec6 17. Nc5 Na2+ 18. Kd2 Qg4 19. N3xe4 Rd8+ 20. Bd3 Nab4 21. Kc1 Nxd3+ 22. Rxd3 Rxd3 23. cxd3 Be6 24. Qxb7 Rc8 25. Kb1 Nb4 26. Rc1 Ba2+ 27. Ka1 Bd5 28. f3 Qe6 29. Qb5 Bxe4 30. Rc4 Rxc5 31. Qxc5 Bf5 32. g4 Nxd3 33. Qd4 Qe1+ 34. Ka2 Nb4+ 35. Rxb4 Bb1+ 36. Ka3 axb4+ 37. Qxb4 Qe3+ 38. Qc3 Qxc3+ 39. bxc3 Bd3 40. Kb4 Kf8 41. Kc5 Ke7 42. Kd4 Be2 43. Ke3 Bd1 44. a5 Kd6 45. Kf4 Kc6 46. g5 hxg5+ 47. Kxg5 Bxf3 48. c4 Be2 49. h6 gxh6+ 50. Kxh6 Bxc4 0-1

[Event "57th Biel Festival MTO 2024"]
[White "Narayanan,Samrug"]
[Black "Ansat,Aldiyar"]
[Site "Biel"]
[Round "7.12"]
[Annotator "RC"]
[Result "1/2-1/2"]
[Date "2024.07.22"]
[WhiteElo "2335"]
[BlackElo "2437"]
[PlyCount "65"]

1. e4 c5 2. Nf3 e6 3. d4 cxd4 4. Nxd4 Nf6 5. Nc3 Nc6 6. Nxc6 bxc6 7. e5 Nd5 8. Ne4 Qc7 9. f4 Qb6 10. c4 Ne3 11. Qd3 Bb4+ 12. Bd2 Ba6 13. Bxb4 Qxb4+ 14. Kf2 Qxb2+ 15. Be2 Nxc4 16. Rhb1 Nxe5 17. fxe5 Qxa1 18. Nd6+ Kf8 19. Nc4 Qxa2 20. Qd6+ Ke8 21. Rb8+ Rxb8 22. Qxb8+ Ke7 23. Qd6+ Kd8 24. Qb8+ Bc8 25. Nd6 Rf8 26. Nxc8 Qd2 27. Nxa7+ Ke7 28. Nxc6+ dxc6 29. Qa7+ Ke8 30. Qa8+ Ke7 31. Qa7+ Qd7 32. Qa3+ Ke8 33. Qa8+ 1/2-1/2

[Event "57th Biel Festival MTO 2024"]
[White "Ayush Sharma"]
[Black "Razafindratsima,Timothe"]
[Site "Biel"]
[Round "7.13"]
[Annotator "TA"]
[Result "1-0"]
[Date "2024.07.22"]
[WhiteElo "2325"]
[BlackElo "2445"]
[PlyCount "99"]

1. e4 c5 2. Nf3 d6 3. d4 cxd4 4. Nxd4 Nf6 5. Nc3 a6 6. Bd3 e5 7. Nde2 Be7 8. O-O O-O 9. Ng3 Be6 10. Nd5 Bxd5 11. exd5 g6 12. Bh6 Re8 13. c4 Nbd7 14. h3 a5 15. Rc1 Nc5 16. Bb1 Rb8 17. f4 exf4 18. Rxf4 Nfd7 19. Nf5 Bf6 20. Nxd6 Re5 21. Rf2 Qb6 22. Nb5 Rbe8 23. g3 Ne4 24. Bxe4 Rxe4 25. Kg2 Be5 26. b3 f5 27. Rcc2 Nf6 28. Rce2 Qc5 29. Qe1 Qe7 30. Bg5 Bxg3 31. Bxf6 Bxf2 32. Rxe4 fxe4 33. Qxf2 Qd7 34. Ba1 Qe7 35. Qf6 Qxf6 36. Bxf6 e3 37. Bc3 Rf8 38. Be1 b6 39. d6 Kf7 40. Nc7 e2 41. Bg3 g5 42. Kf2 h5 43. Kxe2 Kf6 44. Nd5+ Kf5 45. d7 Ke6 46. Nxb6 h4 47. Bc7 g4 48. d8=Q Rxd8 49. Bxd8 gxh3 50. Bc7 1-0

[Event "57th Biel Festival MTO 2024"]
[White "Amartuvshin,Ganzorig"]
[Black "Balabayeva,Xeniya"]
[Site "Biel"]
[Round "7.14"]
[Annotator "TA"]
[Result "1/2-1/2"]
[Date "2024.07.22"]
[WhiteElo "2411"]
[BlackElo "2246"]
[PlyCount "107"]

1. d4 d5 2. c4 e6 3. Nc3 Nf6 4. cxd5 exd5 5. Bg5 Be7 6. e3 c6 7. Bd3 Nbd7 8. Qc2 O-O 9. Nf3 Re8 10. O-O Ne4 11. Bxe4 dxe4 12. Nxe4 Bxg5 13. Nexg5 Nf8 14. Ne4 Bf5 15. Nfd2 Bg6 16. Rfe1 Qh4 17. f3 Re7 18. Qc3 Rd8 19. Nf2 Ne6 20. f4 Nc7 21. Nf3 Qf6 22. Ne5 h5 23. Qb3 Nb5 24. g3 Bh7 25. a4 Nd6 26. e4 Qe6 27. Qxe6 Rxe6 28. d5 cxd5 29. exd5 Re7 30. Nf3 Rxe1+ 31. Rxe1 Kf8 32. Re5 Bg6 33. Rg5 Ne4 34. Nxe4 Bxe4 35. Nd2 Bxd5 36. Rxh5 Kg8 37. Nf1 f6 38. Ne3 Bc6 39. Ra5 a6 40. b4 Rd3 41. Nf5 Bd7 42. Ne7+ Kf7 43. Nd5 Bc6 44. Nc7 Rd7 45. Nxa6 b6 46. Rh5 Bxa4 47. b5 Kg6 48. g4 Rd4 49. Nc7 Rxf4 50. h3 Rc4 51. Nd5 Bxb5 52. Ne7+ Kf7 53. Rxb5 Kxe7 54. Rxb6 1/2-1/2

[Event "57th Biel Festival MTO 2024"]
[White "Nurman,Alua"]
[Black "Tahay,Alexis"]
[Site "Biel"]
[Round "7.15"]
[Annotator "TA"]
[Result "1/2-1/2"]
[Date "2024.07.22"]
[WhiteElo "2274"]
[BlackElo "2375"]
[PlyCount "76"]

1. e4 c5 2. Nf3 d6 3. d4 cxd4 4. Nxd4 Nf6 5. Nc3 a6 6. Nb3 e6 7. g4 b5 8. a3 Nfd7 9. g5 Nc6 10. f4 h6 11. h4 hxg5 12. fxg5 Be7 13. Qf3 Bb7 14. Bf4 Nc5 15. O-O-O Qb6 16. g6 O-O-O 17. Nxc5 dxc5 18. gxf7 Nd4 19. Qg4 Rd7 20. Bh3 Rhd8 21. Be5 Bf6 22. Nd5 Bxd5 23. Bxf6 gxf6 24. exd5 Rxd5 25. c3 f5 26. Qg5 Ne2+ 27. Kc2 Qd6 28. Rxd5 Qxd5 29. Qe3 Qxh1 30. Qxc5+ Kd7 31. Qa7+ Kd6 32. Qb6+ Ke7 33. Qxd8+ Kxd8 34. f8=Q+ Kd7 35. Qf7+ Kd6 36. Qf8+ Kd7 37. Qf7+ Kd6 38. Qf8+ Kd7 1/2-1/2

[Event "57th Biel Festival MTO 2024"]
[White "Sukandar,Irine Kharisma"]
[Black "Ganguly,Surya Shekhar"]
[Site "Biel"]
[Round "7.16"]
[Annotator "TA"]
[Result "0-1"]
[Date "2024.07.22"]
[WhiteElo "2338"]
[BlackElo "2575"]
[PlyCount "94"]

1. e4 e5 2. Nf3 Nc6 3. d4 exd4 4. Nxd4 Bc5 5. Nb3 Bb6 6. Qe2 d6 7. Nc3 a5 8. a4 Nb4 9. Bf4 Qf6 10. Qd2 Ne7 11. O-O-O Be6 12. f3 h6 13. h4 O-O-O 14. h5 Bxb3 15. cxb3 d5 16. g3 dxe4 17. Bh3+ Nf5 18. Qe2 Kb8 19. Bxf5 Qxf5 20. fxe4 Qe6 21. Rxd8+ Rxd8 22. Rd1 Rxd1+ 23. Qxd1 Kc8 24. Kb1 Bc5 25. Qe2 Bd4 26. Nb5 Be5 27. Bxe5 Qxe5 28. Qf3 Kd8 29. Nc3 Qd4 30. Kc1 Nd3+ 31. Kb1 Qg1+ 32. Nd1 Ne5 33. Qe2 Qxg3 34. Ne3 Kc8 35. Qb5 Nc6 36. Qf5+ Kb8 37. Nd5 Qxb3 38. Qxf7 Qd1+ 39. Ka2 Qxa4+ 40. Kb1 Qxe4+ 41. Kc1 Qc4+ 42. Kb1 Ka7 43. Qf2+ Qd4 44. Qf3 Ne5 45. Qg2 c6 46. Nc3 Nd3 47. Ka2 Qf2 0-1

[Event "57th Biel Festival MTO 2024"]
[White "Kobo,Ori"]
[Black "Munguntuul,Batkhuyag"]
[Site "Biel"]
[Round "7.17"]
[Annotator "TA"]
[Result "1/2-1/2"]
[Date "2024.07.22"]
[WhiteElo "2529"]
[BlackElo "2376"]
[PlyCount "89"]

1. Nf3 d5 2. g3 Bg4 3. Bg2 Nd7 4. c4 e6 5. cxd5 exd5 6. O-O Ngf6 7. h3 Bxf3 8. exf3 Be7 9. f4 O-O 10. d3 c6 11. Nd2 Nc5 12. Nf3 d4 13. b4 Ne6 14. Bd2 Nd5 15. Qb3 Qd6 16. Rfe1 Bf6 17. Ne5 Rad8 18. a4 a6 19. b5 Nc5 20. Qc4 axb5 21. axb5 cxb5 22. Qxb5 Nc3 23. Qb4 b6 24. Bf1 Bxe5 25. Rxe5 Rc8 26. Rae1 h6 27. h4 Nb7 28. Qb2 Nc5 29. h5 N5a4 30. Qb3 b5 31. Bh3 Rb8 32. Bxc3 Nxc3 33. Re7 Qd5 34. Qb4 Qxh5 35. Qxd4 Qxh3 36. Qxc3 b4 37. Qb3 Qc8 38. R7e4 Rd8 39. Re7 Qf5 40. R1e5 Qf6 41. Rc7 Rd4 42. Qa4 Rxd3 43. Re8+ Rxe8 44. Qxe8+ Kh7 45. Qxf7 1/2-1/2

[Event "57th Biel Festival MTO 2024"]
[White "Haimovich,Tal"]
[Black "Bilguun,Sumiya"]
[Site "Biel"]
[Round "7.18"]
[Annotator "TA"]
[Result "0-1"]
[Date "2024.07.22"]
[WhiteElo "2330"]
[BlackElo "2466"]
[PlyCount "170"]

1. d4 d5 2. c4 e6 3. Nf3 Nf6 4. Nc3 a6 5. c5 Nbd7 6. Bf4 Nh5 7. Bd2 Be7 8. Qc2 f5 9. h3 Nhf6 10. Bf4 Ne4 11. e3 Bf6 12. Be2 c6 13. Rc1 O-O 14. O-O h6 15. Bh2 Qe8 16. Na4 e5 17. dxe5 Nxe5 18. Nb6 Rb8 19. Kh1 g6 20. Ne1 Bd8 21. Nd3 Bc7 22. f3 Nf6 23. Qc3 Nxd3 24. Bxc7 Nxc1 25. Rxc1 Be6 26. Qe5 Kf7 27. Kg1 Rd8 28. Qd4 Qe7 29. Bxd8 Rxd8 30. Kf2 Nh5 31. g3 Re8 32. Bd3 Qg5 33. Rg1 Qf6 34. a3 Qe7 35. b4 Ng7 36. Qf4 Qf6 37. Qd4 Qe7 38. Re1 Nh5 39. Qe5 Qg5 40. Rg1 Qf6 41. Qxf6+ Kxf6 42. Be2 Rd8 43. Rd1 Ke7 44. Na4 Ng7 45. Nb2 Ne8 46. Nd3 Kf6 47. Ne1 Nc7 48. Nc2 a5 49. Rb1 axb4 50. axb4 Ra8 51. Ra1 Rxa1 52. Nxa1 g5 53. f4 gxf4 54. gxf4 d4 55. Nc2 Nd5 56. Nxd4 Nxb4 57. Ke1 Bd5 58. Kd2 Na6 59. Bxa6 bxa6 60. Ne2 Bf3 61. Ng3 Ke6 62. Kc3 Bg2 63. h4 Bh3 64. Kd4 a5 65. Kc4 Bg4 66. Kd4 Bf3 67. Kc4 Bd1 68. Kc3 Bf3 69. Kc4 Bd5+ 70. Kc3 Ba2 71. Kd4 Bb1 72. Kc4 a4 73. Ne2 a3 74. Nd4+ Kf6 75. Kb3 a2 76. Kb2 Be4 77. Kxa2 Kg6 78. Kb2 Kh5 79. Kc3 Kxh4 80. Ne6 Kg4 81. Kd2 h5 82. Ke2 Kg3 83. Ng5 Bd5 84. Nh7 h4 85. Nf6 Bf3+ 0-1

[Event "57th Biel Festival MTO 2024"]
[White "Deuer,Marius"]
[Black "Emmenecker,Pierre-Antoine"]
[Site "Biel"]
[Round "7.19"]
[Annotator "TA"]
[Result "1-0"]
[Date "2024.07.22"]
[WhiteElo "2435"]
[BlackElo "2306"]
[PlyCount "79"]

1. d4 d5 2. c4 e6 3. Nc3 Nf6 4. cxd5 exd5 5. Bg5 Be7 6. e3 h6 7. Bh4 Bg4 8. Qc2 O-O 9. h3 Be6 10. Nf3 Ne8 11. Bg3 Bd6 12. Ne5 Nc6 13. Nxc6 bxc6 14. Bxd6 cxd6 15. Bd3 c5 16. O-O Nf6 17. Qd2 Rb8 18. b3 c4 19. Bc2 Qa5 20. Rfd1 Rfc8 21. Rac1 cxb3 22. Bxb3 Rc7 23. Ne2 Qxd2 24. Rxd2 Rxc1+ 25. Nxc1 Bf5 26. Ne2 Rc8 27. Nf4 Be4 28. f3 g5 29. Nd3 Bxd3 30. Rxd3 Rc1+ 31. Kf2 Kf8 32. Rd2 Rc7 33. Re2 Ke7 34. e4 dxe4 35. fxe4 Nh5 36. Re3 Nf4 37. Rf3 Ne6 38. Rf5 f6 39. e5 Nxd4 40. exd6+ 1-0

[Event "57th Biel Festival MTO 2024"]
[White "Holzke,Frank"]
[Black "Jain Kashish Manoj"]
[Site "Biel"]
[Round "7.20"]
[Annotator "TA"]
[Result "1/2-1/2"]
[Date "2024.07.22"]
[WhiteElo "2450"]
[BlackElo "2308"]
[PlyCount "132"]

1. e4 c5 2. Nf3 Nc6 3. d4 cxd4 4. Nxd4 Nf6 5. Nc3 d6 6. Bg5 Bd7 7. Qd2 a6 8. O-O-O e6 9. Kb1 Be7 10. Nxc6 Bxc6 11. f3 Qc7 12. h4 h6 13. Bf4 Rd8 14. Qf2 b5 15. g4 Qb7 16. Qg3 b4 17. Ne2 Rc8 18. Nc1 d5 19. e5 Nd7 20. Nb3 Bb5 21. g5 hxg5 22. Bxg5 Bxf1 23. Bxe7 Kxe7 24. Rdxf1 Qc7 25. Qf4 Nxe5 26. Qxb4+ Qd6 27. Qd4 g6 28. h5 gxh5 29. Qh4+ f6 30. Rhg1 Kf7 31. f4 Ng4 32. Nd4 Qb4 33. Rd1 Rb8 34. b3 Qd6 35. Qh1 Rbe8 36. Qf3 Nh2 37. Qd3 Ng4 38. f5 e5 39. Ne6 Rhg8 40. c3 e4 41. Qh3 Qh2 42. Qxh2 Nxh2 43. Rh1 Nf3 44. Rxh5 Rh8 45. Rxh8 Rxh8 46. Rxd5 Rh1+ 47. Kc2 Rh2+ 48. Kd1 e3 49. Nf4 Rxa2 50. Rd7+ Ke8 51. Rd3 Rd2+ 52. Rxd2 Nxd2 53. b4 Ne4 54. Nd5 Kd7 55. c4 Kd6 56. Ke2 Ke5 57. Kxe3 Kxf5 58. Nc7 Ke5 59. Nxa6 f5 60. b5 Nd6 61. Kd3 f4 62. Nc5 f3 63. Kc3 Nxb5+ 64. cxb5 f2 65. Nd3+ Kd5 66. Nxf2 Kc5 1/2-1/2